|
|
|
|
| LEADER |
00000naa a2200000uu 4500 |
| 001 |
vtls010919241 |
| 003 |
SK-MaSNL |
| 005 |
20260302134925.0 |
| 008 |
220808|1989 xo |||||||||||||||||slo| |
| 015 |
|
|
|a SNBRA
|
| 035 |
|
|
|a (urnnbn)urn:nbn:sk:snk:ar-a0cyif
|
| 035 |
|
|
|a (uuid)ce97a313-a102-412b-a864-45290b7f21c5
|
| 035 |
|
|
|a urn:nbn:sk:snk-aatn7x
|
| 040 |
|
|
|a SNKBUCL
|b slo
|c SNKBUCL
|e AACR2
|
| 041 |
0 |
|
|a slo
|
| 044 |
|
|
|a xo
|c SK
|
| 245 |
0 |
0 |
|a KÁMEN, František
|b český strojný inžinier (14. 7. 1894 Mladotice, okr. Plzeň-sever - 9. 11. 1979 Praha)
|
| 600 |
1 |
7 |
|a Kámen, František,
|d 1894-1979
|2 SNKMA
|9 223383
|
| 655 |
|
7 |
|a biografické heslá
|2 SNKPH
|9 368942
|
| 773 |
0 |
|
|t Slovenský biografický slovník : (od roku 833 do roku 1990). III. zväzok, K-L
|d Martin : Matica slovenská, 1989
|g S. 30
|z 8070900199 viaz
|
| 954 |
|
|
|a odborná, vedecká literatúra pôvodná (slovenská)
|2 lita
|
| 958 |
|
|
|a BX
|
| 958 |
|
|
|a OND
|
| 958 |
|
|
|a chapter
|
| 958 |
|
|
|a article25
|
| 999 |
|
|
|c 1324924
|d 1326854
|